[Event "Mauricie op"]
[Site "Trois-Rivieres CAN"]
[Date "2011.03.19"]
[Round "2"]
[White "Libersan, Thierry"]
[Black "Hebert, Jean"]
[Result "1/2-1/2"]
[WhiteElo "2115"]
[BlackElo "2417"]
[PlyCount "73"]
[GameId "2160767909787366"]
[EventDate "2011.03.18"]
[EventType "swiss"]
[EventRounds "5"]
[EventCountry "CAN"]
[SourceTitle "EXT 2022"]
[Source "ChessBase"]
[SourceDate "2021.10.06"]
[SourceVersion "1"]
[SourceVersionDate "2021.10.06"]
[SourceQuality "1"]

1. e4 g6 2. d4 d6 3. c4 Bg7 4. Nc3 e5 5. Be3 Nc6 6. Nge2 exd4 7. Nxd4 Nge7 8. Be2 O-O 9. g4 Nxd4 10. Bxd4 Nc6 11. Bxg7 Kxg7 12. Qd2 Qh4 13. O-O-O f6 14. f4 Bxg4 15. Bxg4 Qxg4 16. h4 Qe6 17. b3 Kh8 18. h5 g5 19. fxg5 fxg5 20. Qxg5 Rf3 21. Rhg1 Qf7 22. Nd5 Re8 23. h6 Rxe4 24. Qg7+ Qxg7 25. Rxg7 Re6 26. Rdg1 Rf8 27. Rxc7 Rxh6 28. Rxb7 Rh2 29. Kb1 h5 30. Rc7 Ne5 31. Rxa7 h4 32. Rag7 Nf3 33. R1g6 Nd2+ 34. Kb2 Nb1+ 35. Ka1 Na3 36. Nf6 Rxf6 37. Rg8+ 1/2-1/2

[Event "Mauricie op"]
[Site "Trois-Rivieres CAN"]
[Date "2011.03.19"]
[Round "3"]
[White "Hebert, Jean"]
[Black "Robichaud, Louis"]
[Result "1-0"]
[WhiteElo "2417"]
[BlackElo "2069"]
[PlyCount "63"]
[GameId "2160767909787381"]
[EventDate "2011.03.18"]
[EventType "swiss"]
[EventRounds "5"]
[EventCountry "CAN"]
[SourceTitle "EXT 2022"]
[Source "ChessBase"]
[SourceDate "2021.10.06"]
[SourceVersion "1"]
[SourceVersionDate "2021.10.06"]
[SourceQuality "1"]

1. c4 Nf6 2. Nc3 g6 3. e4 d6 4. d4 Bg7 5. Nf3 O-O 6. Be2 e5 7. O-O Nc6 8. d5 Ne7 9. Ne1 Nd7 10. Be3 f5 11. f3 f4 12. Bf2 g5 13. Rc1 b6 14. c5 bxc5 15. b4 a6 16. bxc5 Nf6 17. Rb1 Ng6 18. cxd6 cxd6 19. Qa4 Bd7 20. Qa3 Qe7 21. Rb7 Rfb8 22. Qb4 Rxb7 23. Qxb7 Rc8 24. Na4 Rc1 25. Nb6 a5 26. a4 Ra1 27. Nxd7 Qxd7 28. Qxd7 Nxd7 29. Bb5 Ngf8 30. Nd3 Rxf1+ 31. Kxf1 Bf6 32. Nb2 1-0

[Event "Mauricie op"]
[Site "Trois-Rivieres CAN"]
[Date "2011.03.20"]
[Round "4"]
[White "Qin, Zi Yi (Joey)"]
[Black "Hebert, Jean"]
[Result "1/2-1/2"]
[WhiteElo "2254"]
[BlackElo "2417"]
[PlyCount "72"]
[GameId "2160767909787403"]
[EventDate "2011.03.18"]
[EventType "swiss"]
[EventRounds "5"]
[EventCountry "CAN"]

1. e4 e6 2. d4 d5 3. Nd2 Nf6 4. e5 Nfd7 5. Bd3 c5 6. c3 Nc6 7. Ne2 cxd4 8. cxd4 f6 9. exf6 Nxf6 10. Nf3 Bd6 11. O-O Qc7 12. Bg5 O-O 13. Rc1 Bd7 14. Ng3 Ng4 15. Nh4 Nf6 16. Nf3 h6 17. Bd2 Qb6 18. Bc3 Nb4 19. Bb1 Rac8 20. a3 Nc6 21. Ne5 Nxe5 22. dxe5 Rxc3 23. Rxc3 Bxe5 24. Rb3 Qc7 25. Qe2 Bxg3 26. Rxg3 e5 27. Re1 e4 28. Kh1 Qe5 29. h3 Nh5 30. Rb3 Nf4 31. Qd2 Bc6 32. f3 Nh5 33. fxe4 dxe4 34. Qe3 a6 35. Rc3 Nf6 36. Kg1 Rd8 1/2-1/2

[Event "Mauricie op"]
[Site "Trois-Rivieres CAN"]
[Date "2011.03.20"]
[Round "5"]
[White "Hebert, Jean"]
[Black "Roy, Myriam"]
[Result "1-0"]
[WhiteElo "2417"]
[BlackElo "2055"]
[PlyCount "115"]
[GameId "2160767909787414"]
[EventDate "2011.03.18"]
[EventType "swiss"]
[EventRounds "5"]
[EventCountry "CAN"]
[SourceTitle "EXT 2022"]
[Source "ChessBase"]
[SourceDate "2021.10.06"]
[SourceVersion "1"]
[SourceVersionDate "2021.10.06"]
[SourceQuality "1"]

1. c4 c5 2. Nf3 e6 3. d4 d5 4. e3 Nf6 5. Nc3 Nc6 6. a3 cxd4 7. exd4 dxc4 8. Bxc4 Be7 9. O-O O-O 10. Re1 a6 11. Ba2 b5 12. d5 exd5 13. Nxd5 Nxd5 14. Qxd5 Bb7 15. Qh5 Qd6 16. Bg5 Bxg5 17. Nxg5 Qg6 18. Qxg6 hxg6 19. Rad1 Nd8 20. Re7 Bc6 21. f3 Rb8 22. Rd6 Rb7 23. Rxb7 Bxb7 24. Rxg6 Kh8 25. Rd6 Kg8 26. Kf2 Bc8 27. h4 Re8 28. Rb6 Kf8 29. Rb8 Nc6 30. Ra8 f6 31. Ne4 Rd8 32. Bd5 Rxd5 33. Rxc8+ Nd8 34. Ra8 f5 35. Ng5 Ke7 36. b4 Rd6 37. Ra7+ Kf6 38. Nh7+ Kg6 39. Nf8+ Kf6 40. Nd7+ Kg6 41. Nc5 Ne6 42. Rxa6 Rxa6 43. Nxa6 f4 44. Ke2 Kh5 45. Nc5 Nc7 46. a4 bxa4 47. Nxa4 Kxh4 48. Nc3 Na6 49. b5 Nc5 50. b6 g5 51. Ne4 Nb7 52. Kd3 g4 53. Kd4 gxf3 54. gxf3 Na5 55. Nd6 Kg3 56. Ke4 Nc6 57. b7 Nb8 58. Nf5+ 1-0

[Event "Quebec-ch classe"]
[Site "Montreal CAN"]
[Date "2011.01.21"]
[Round "1"]
[White "Hebert, Jean"]
[Black "Giroux, Robert"]
[Result "1-0"]
[WhiteElo "2413"]
[BlackElo "2025"]
[PlyCount "49"]
[GameId "2160767909812808"]
[EventDate "2011.01.21"]
[EventType "swiss"]
[EventRounds "5"]
[EventCountry "CAN"]
[SourceTitle "EXT 2013"]
[Source "ChessBase"]
[SourceDate "2012.11.22"]
[SourceVersion "1"]
[SourceVersionDate "2012.11.22"]
[SourceQuality "1"]

1. d4 Nf6 2. c4 c5 3. d5 e5 4. Nc3 d6 5. e4 Nbd7 6. Nf3 Be7 7. h3 Nf8 8. Be3 a6 9. Bd3 Bd7 10. a4 b6 11. Qd2 Ng6 12. Ra3 O-O 13. O-O Nh5 14. Rfa1 Nhf4 15. a5 Nxd3 16. Qxd3 f5 17. axb6 fxe4 18. Nxe4 Qxb6 19. b4 Bf5 20. Nfd2 Nf4 21. Bxf4 Bxe4 22. Nxe4 exf4 23. bxc5 dxc5 24. d6 Bd8 25. Qd5+ 1-0

[Event "Quebec-ch classe"]
[Site "Montreal CAN"]
[Date "2011.01.22"]
[Round "2"]
[White "Roy, Myriam"]
[Black "Hebert, Jean"]
[Result "0-1"]
[WhiteElo "2004"]
[BlackElo "2413"]
[PlyCount "96"]
[GameId "2160767909812823"]
[EventDate "2011.01.21"]
[EventType "swiss"]
[EventRounds "5"]
[EventCountry "CAN"]
[SourceTitle "EXT 2013"]
[Source "ChessBase"]
[SourceDate "2012.11.22"]
[SourceVersion "1"]
[SourceVersionDate "2012.11.22"]
[SourceQuality "1"]

1. e4 g6 2. d4 d6 3. f4 d5 4. e5 h5 5. Be3 Nh6 6. Nf3 c6 7. c4 Be6 8. Ng5 Bc8 9. Nc3 Nf5 10. Bf2 Bh6 11. Bd3 Bxg5 12. fxg5 dxc4 13. Bxc4 Nd7 14. Qb3 e6 15. Ne4 Qa5+ 16. Qc3 Qxc3+ 17. bxc3 b6 18. Be2 Ke7 19. g4 hxg4 20. Bxg4 Ba6 21. Kd2 Bc4 22. Nf6 Bd5 23. Nxd5+ cxd5 24. Bxf5 exf5 25. h4 Rac8 26. Rh3 Nb8 27. Kd3 Nc6 28. Be3 Ke6 29. Rah1 Rh5 30. Rb1 Na5 31. Bf4 Rc4 32. Rb4 Rh8 33. Rh2 Rhc8 34. Bd2 Nc6 35. Rb1 Rh8 36. h5 gxh5 37. Rbh1 Ne7 38. Bc1 Ng6 39. Rxh5 Rhc8 40. Bd2 Ra4 41. Ra1 Ra3 42. Rh7 b5 43. Rb1 a6 44. Rb2 Rc4 45. Kc2 f4 46. Rh3 b4 47. Rd3 a5 48. Be1 Kf5 0-1

[Event "Quebec-ch classe"]
[Site "Montreal CAN"]
[Date "2011.01.22"]
[Round "3"]
[White "Hebert, Jean"]
[Black "Roussel-Roozmon, Thomas"]
[Result "0-1"]
[WhiteElo "2413"]
[BlackElo "2474"]
[PlyCount "130"]
[GameId "2160767909812830"]
[EventDate "2011.01.21"]
[EventType "swiss"]
[EventRounds "5"]
[EventCountry "CAN"]
[SourceTitle "EXT 2013"]
[Source "ChessBase"]
[SourceDate "2012.11.22"]
[SourceVersion "1"]
[SourceVersionDate "2012.11.22"]
[SourceQuality "1"]

1. d4 Nf6 2. c4 e6 3. Nc3 Bb4 4. e3 O-O 5. Nge2 Re8 6. a3 Bf8 7. d5 a5 8. g3 exd5 9. cxd5 Na6 10. Bg2 Nc5 11. b3 b6 12. Nd4 Ba6 13. Bf1 Bb7 14. Bc4 c6 15. Bb2 b5 16. dxc6 Bxc6 17. Nxc6 dxc6 18. Be2 Qxd1+ 19. Rxd1 Nxb3 20. Bf3 Rac8 21. g4 Nc5 22. Ke2 Nfe4 23. Nb1 Na4 24. Ba1 c5 25. Rd5 Nb6 26. Re5 Rxe5 27. Bxe5 Nd6 28. Rd1 Ndc4 29. Bf4 b4 30. Bb7 Re8 31. Bc6 Re6 32. Bb5 Bd6 33. axb4 axb4 34. Bxc4 Nxc4 35. Rc1 Bxf4 36. Rxc4 Bd6 37. Nd2 Be7 38. Rc2 Ra6 39. Kd3 Kf8 40. Nb3 Ke8 41. f4 Ra3 42. Kc4 Kd7 43. Rd2+ Kc6 44. g5 Ra8 45. e4 g6 46. Rd5 Ra2 47. Rd2 Rxd2 48. Nxd2 Kd6 49. Kd3 Ke6 50. Ke3 Bd8 51. h3 Bb6 52. Kd3 Bc7 53. Ke3 Kd6 54. Nc4+ Kc6 55. e5 Kb5 56. Kd3 Ka4 57. Nd6 b3 58. Ne4 Kb4 59. Nd2 Ka3 60. Kc4 b2 61. Kxc5 Ka4 62. Nb1 Kb3 63. Nd2+ Kc3 64. Nb1+ Kc2 65. Na3+ Kc1 0-1

[Event "Quebec-ch classe"]
[Site "Montreal CAN"]
[Date "2011.01.23"]
[Round "4"]
[White "Masse, Hugues"]
[Black "Hebert, Jean"]
[Result "0-1"]
[WhiteElo "2158"]
[BlackElo "2413"]
[PlyCount "150"]
[GameId "2160767909812843"]
[EventDate "2011.01.21"]
[EventType "swiss"]
[EventRounds "5"]
[EventCountry "CAN"]
[SourceTitle "EXT 2013"]
[Source "ChessBase"]
[SourceDate "2012.11.22"]
[SourceVersion "1"]
[SourceVersionDate "2012.11.22"]
[SourceQuality "1"]

1. d4 Nf6 2. c4 c5 3. d5 b5 4. cxb5 a6 5. f3 e6 6. e4 Bb7 7. Nc3 g6 8. Nh3 e5 9. Be2 Bg7 10. O-O O-O 11. a4 axb5 12. Nxb5 d6 13. Bd2 Na6 14. Nf2 Nh5 15. Nd3 f5 16. b4 cxb4 17. Nxb4 Nc5 18. Nd3 Nxd3 19. Bxd3 fxe4 20. Bxe4 Qb6+ 21. Kh1 Nf6 22. Bg5 Ba6 23. Rb1 Rf7 24. Re1 Nxe4 25. Rxe4 Bc8 26. Rc4 Bf5 27. Nc7 Bxb1 28. Nxa8 Qb7 29. Qc1 Ba2 30. Rc8+ Bf8 31. Bh6 Bxd5 32. Bxf8 Rxf8 33. Rxf8+ Kxf8 34. Nc7 Bc4 35. Nb5 Bxb5 36. axb5 Qxb5 37. Qc8+ Kf7 38. h3 Qe8 39. Qc4+ Kf6 40. Qc7 Qe7 41. Qc6 h5 42. Qa8 Qd7 43. Qf8+ Ke6 44. Qg8+ Qf7 45. Qc8+ Kf6 46. Qd8+ Qe7 47. Qh8+ Kf5 48. Qc8+ Kg5 49. Qg8 Qc7 50. Kh2 h4 51. Qe6 Qd8 52. Qg4+ Kh6 53. Qe6 Kg7 54. Qd5 Qe7 55. Qc6 Qd8 56. Qd5 Qe7 57. Qe4 Qf6 58. Kh1 Kh6 59. Qd5 Kh5 60. Qg8 e4 61. Qd5+ Qf5 62. Qxd6 exf3 63. Qd1 Kg5 64. Qd2+ Qf4 65. Qd8+ Qf6 66. Qd2+ Kh5 67. Qd1 Qf5 68. Kg1 Qf4 69. Qd5+ Kh6 70. gxf3 Qg5+ 71. Qxg5+ Kxg5 72. Kg2 Kf4 73. Kf2 g5 74. Ke2 Kg3 75. Ke3 Kxh3 0-1

[Event "Quebec-ch classe"]
[Site "Montreal CAN"]
[Date "2011.01.23"]
[Round "5"]
[White "Hebert, Jean"]
[Black "Drolet, Stephane"]
[Result "1-0"]
[WhiteElo "2413"]
[BlackElo "2219"]
[PlyCount "119"]
[GameId "2160767909812853"]
[EventDate "2011.01.21"]
[EventType "swiss"]
[EventRounds "5"]
[EventCountry "CAN"]
[SourceTitle "EXT 2013"]
[Source "ChessBase"]
[SourceDate "2012.11.22"]
[SourceVersion "1"]
[SourceVersionDate "2012.11.22"]
[SourceQuality "1"]

1. d4 d5 2. c4 c6 3. Nf3 Nf6 4. Nc3 dxc4 5. a4 Na6 6. e4 Bg4 7. Bxc4 Bxf3 8. gxf3 e6 9. Be3 Qa5 10. O-O Nb4 11. Kh1 Qh5 12. Rg1 a5 13. Be2 h6 14. Rc1 Qh4 15. Qf1 g6 16. Rg3 Nh5 17. Rg4 Qd8 18. e5 Ng7 19. Ne4 Be7 20. Bc4 Nd5 21. Qd1 Qb6 22. Nc3 Nf5 23. Qd2 g5 24. Nxd5 exd5 25. Bd3 Nxe3 26. fxe3 Qb4 27. Qc2 O-O-O 28. Rg2 Kb8 29. Bf5 Qb6 30. Bh3 Bb4 31. Qf5 Rdf8 32. Rgc2 Qd8 33. Qd3 h5 34. Rxc6 g4 35. Bg2 Qh4 36. Rc7 Rc8 37. Rxc8+ Rxc8 38. Rxc8+ Kxc8 39. Qf5+ Kb8 40. fxg4 Qe1+ 41. Qf1 Qxe3 42. Qxf7 Qxd4 43. Qxd5 Qxd5 44. Bxd5 hxg4 45. Kg2 Bc5 46. Kg3 Bg1 47. e6 Kc7 48. Bxb7 Bc5 49. Bd5 Bd6+ 50. Kxg4 Bxh2 51. b4 axb4 52. Kf5 Bg3 53. Kf6 Kd6 54. Kg5 Bf2 55. a5 Bc5 56. a6 Kc7 57. a7 Bxa7 58. e7 Kd7 59. Kf6 Bc5 60. Be6+ 1-0

[Event "Ahuntsic op"]
[Site "Montreal CAN"]
[Date "2010.11.13"]
[Round "1"]
[White "Malveau, Cedric"]
[Black "Hebert, Jean"]
[Result "0-1"]
[WhiteElo "1689"]
[BlackElo "2393"]
[PlyCount "60"]
[GameId "2160767909842470"]
[EventDate "2010.11.13"]
[EventType "swiss (rapid)"]
[EventRounds "5"]
[EventCountry "CAN"]
[SourceTitle "EXT 2013"]
[Source "ChessBase"]
[SourceDate "2012.11.22"]
[SourceVersion "1"]
[SourceVersionDate "2012.11.22"]
[SourceQuality "1"]

1. d4 Nf6 2. Nf3 e6 3. c4 c5 4. Nc3 a6 5. g3 cxd4 6. Nxd4 Qc7 7. e4 Bb4 8. Qd3 Nc6 9. Nxc6 bxc6 10. Bg2 e5 11. O-O Be7 12. b3 O-O 13. Bb2 Re8 14. h3 d6 15. Nd1 a5 16. Ne3 a4 17. Nf5 Bf8 18. Rfd1 Bxf5 19. exf5 Reb8 20. Kh2 Qb6 21. Qc2 axb3 22. axb3 Rxa1 23. Bxa1 h5 24. Rb1 Re8 25. b4 d5 26. cxd5 cxd5 27. b5 h4 28. g4 Bc5 29. Re1 Bxf2 30. Rxe5 Bg3+ 0-1

[Event "Ahuntsic op"]
[Site "Montreal CAN"]
[Date "2010.11.13"]
[Round "2"]
[White "Hebert, Jean"]
[Black "Dumont, Felix"]
[Result "1-0"]
[WhiteElo "2393"]
[BlackElo "1828"]
[PlyCount "92"]
[GameId "2160767909842471"]
[EventDate "2010.11.13"]
[EventType "swiss (rapid)"]
[EventRounds "5"]
[EventCountry "CAN"]
[SourceTitle "EXT 2013"]
[Source "ChessBase"]
[SourceDate "2012.11.22"]
[SourceVersion "1"]
[SourceVersionDate "2012.11.22"]
[SourceQuality "1"]

1. d4 Nf6 2. c4 g6 3. Nc3 Bg7 4. e4 d6 5. f3 O-O 6. Bg5 h6 7. Be3 c6 8. Qd2 Kh7 9. h4 e5 10. d5 Na6 11. Nge2 cxd5 12. cxd5 Bd7 13. g4 h5 14. Ng3 Rc8 15. Bg5 Rg8 16. gxh5 gxh5 17. Be2 Qb6 18. Be3 Bh6 19. Bxh6 Rxg3 20. Be3 Nc5 21. Nd1 a5 22. Nf2 Bb5 23. Nh3 Bxe2 24. Qxe2 Qb4+ 25. Kf1 Rg6 26. Ng5+ Kg7 27. Rg1 Na4 28. Rc1 Rxc1+ 29. Bxc1 Nh7 30. Rg2 Nxg5 31. hxg5 Qc5 32. Be3 Qc7 33. Qc2 Qxc2 34. Rxc2 b6 35. b3 Nc5 36. Rh2 f6 37. Rxh5 fxg5 38. Rxg5 Rxg5 39. Bxg5 Nb7 40. Be3 b5 41. a4 bxa4 42. bxa4 Kf6 43. Bb6 Kg5 44. Kf2 Kh4 45. Kg2 Kg5 46. Kg3 Kg6 1-0

[Event "Ahuntsic op"]
[Site "Montreal CAN"]
[Date "2010.11.13"]
[Round "3"]
[White "Voskanyan, Vahagn"]
[Black "Hebert, Jean"]
[Result "1/2-1/2"]
[WhiteElo "2271"]
[BlackElo "2393"]
[PlyCount "98"]
[GameId "2160767909842475"]
[EventDate "2010.11.13"]
[EventType "swiss (rapid)"]
[EventRounds "5"]
[EventCountry "CAN"]
[SourceTitle "EXT 2013"]
[Source "ChessBase"]
[SourceDate "2012.11.22"]
[SourceVersion "1"]
[SourceVersionDate "2012.11.22"]
[SourceQuality "1"]

1. e4 g6 2. d4 d6 3. Nc3 c6 4. Bc4 Bg7 5. Bb3 Nf6 6. Nf3 O-O 7. O-O a5 8. a4 Na6 9. h3 Nb4 10. Re1 Nd7 11. Be3 e6 12. Qd2 Qe7 13. Rad1 Re8 14. Bg5 Qf8 15. h4 f6 16. Bf4 Kh8 17. Be3 d5 18. exd5 exd5 19. Bf4 Rxe1+ 20. Rxe1 Nb6 21. Bc7 Nc4 22. Bxc4 dxc4 23. Ne4 Nd5 24. Bd6 Qg8 25. Bg3 Bg4 26. Nd6 Bxf3 27. gxf3 b6 28. Nxc4 Rd8 29. Nd6 Qf8 30. Nc4 Bh6 31. Qe2 g5 32. Qe6 gxh4 33. Bxh4 Bf4 34. Bg3 Bxg3 35. fxg3 Qb4 36. b3 Qc3 37. Qe4 b5 38. Nd6 Rxd6 39. Qe8+ Kg7 40. Re7+ Nxe7 41. Qxe7+ Kg6 42. Qxd6 Qxc2 43. Qe6 Qd1+ 44. Kg2 Qc2+ 45. Kg1 Qd1+ 46. Kg2 Qxd4 47. Qe8+ Kg7 48. Qxc6 bxa4 49. bxa4 Kh8 1/2-1/2

[Event "Ahuntsic op"]
[Site "Montreal CAN"]
[Date "2010.11.13"]
[Round "4"]
[White "Hebert, Jean"]
[Black "Gueorguiev, Valentin"]
[Result "1-0"]
[WhiteElo "2393"]
[BlackElo "1656"]
[PlyCount "117"]
[GameId "2160767909842477"]
[EventDate "2010.11.13"]
[EventType "swiss (rapid)"]
[EventRounds "5"]
[EventCountry "CAN"]
[SourceTitle "EXT 2013"]
[Source "ChessBase"]
[SourceDate "2012.11.22"]
[SourceVersion "1"]
[SourceVersionDate "2012.11.22"]
[SourceQuality "1"]

1. d4 g6 2. e4 Bg7 3. Nf3 c5 4. d5 d6 5. c4 Nf6 6. Nc3 O-O 7. h3 e5 8. g4 Qa5 9. Bd2 Qb6 10. Rb1 Na6 11. a3 Bd7 12. Bd3 Rac8 13. Be3 Qd8 14. b4 b6 15. Qd2 Re8 16. Bg5 Qc7 17. Rg1 cxb4 18. axb4 b5 19. Nxb5 Bxb5 20. cxb5 Nb8 21. Bxf6 Bxf6 22. Ke2 Nd7 23. Rgc1 Qb7 24. Rc6 Be7 25. Rbc1 Nb6 26. Qa2 Red8 27. R1c2 Re8 28. Qa6 Qd7 29. Rxc8 Rxc8 30. Rxc8+ Nxc8 31. Qc6 Qd8 32. Qb7 Kg7 33. b6 Nxb6 34. Qxa7 h6 35. Nd2 Bh4 36. Nb3 Nc8 37. Qb7 Nb6 38. Bb5 Nc8 39. Nd2 Nb6 40. Nf3 Bf6 41. Kf1 Nc8 42. Kg2 Nb6 43. Kg3 Nc8 44. Qb8 Nb6 45. Qxd8 Bxd8 46. h4 g5 47. h5 Kf8 48. Nd2 Ke7 49. Nf1 Bc7 50. Ne3 f6 51. Nf5+ Kf7 52. Nxh6+ Kg7 53. Nf5+ Kf7 54. Kf3 Bb8 55. Be8+ Kg8 56. Bg6 Nc8 57. h6 Bc7 58. h7+ Kh8 59. Nh6 1-0

[Event "Ahuntsic op"]
[Site "Montreal CAN"]
[Date "2010.11.13"]
[Round "5"]
[White "Hebert, Jean"]
[Black "Castellanos Rodriguez, Renier"]
[Result "1/2-1/2"]
[WhiteElo "2393"]
[BlackElo "2282"]
[PlyCount "75"]
[GameId "2160767909842478"]
[EventDate "2010.11.13"]
[EventType "swiss (rapid)"]
[EventRounds "5"]
[EventCountry "CAN"]
[SourceTitle "EXT 2013"]
[Source "ChessBase"]
[SourceDate "2012.11.22"]
[SourceVersion "1"]
[SourceVersionDate "2012.11.22"]
[SourceQuality "1"]

1. d4 Nf6 2. c4 g6 3. Nc3 Bg7 4. e4 d6 5. Nf3 O-O 6. Be2 e5 7. dxe5 dxe5 8. Qxd8 Rxd8 9. Bg5 Re8 10. O-O-O c6 11. Ne1 Nbd7 12. Nc2 Nc5 13. f3 Ne6 14. Be3 Bf8 15. Na4 Nd7 16. Rd2 Ndc5 17. Nxc5 Nxc5 18. Rhd1 Be6 19. b3 a5 20. Kb2 a4 21. b4 a3+ 22. Kc3 Na4+ 23. Kb3 b5 24. Nxa3 Reb8 25. Nc2 bxc4+ 26. Bxc4 Bxc4+ 27. Kxc4 Nb2+ 28. Kb3 Nxd1 29. Rxd1 c5 30. a3 cxb4 31. axb4 Rb5 32. Rd7 Rab8 33. Bd2 R5b7 34. Rd5 f6 35. g4 Rb5 36. Rd7 R5b7 37. Rd5 Rb5 38. Rd7 1/2-1/2

[Event "Montmagny op"]
[Site "Montmagny CAN"]
[Date "2010.11.05"]
[Round "1"]
[White "Auger, Bertrand"]
[Black "Hebert, Jean"]
[Result "0-1"]
[WhiteElo "1996"]
[BlackElo "2409"]
[PlyCount "34"]
[GameId "2160767909850833"]
[EventDate "2010.11.05"]
[EventType "swiss"]
[EventRounds "5"]
[EventCountry "CAN"]
[SourceTitle "EXT 2022"]
[Source "ChessBase"]
[SourceDate "2021.10.06"]
[SourceVersion "1"]
[SourceVersionDate "2021.10.06"]
[SourceQuality "1"]

1. Nf3 g6 2. g3 Bg7 3. d4 Nf6 4. Bg2 O-O 5. O-O d6 6. c4 Nc6 7. Nc3 a6 8. d5 Na5 9. Qd3 c5 10. dxc6 Nxc6 11. h3 Be6 12. Nd5 Rc8 13. Bd2 Nd7 14. Rac1 Bxb2 15. Rb1 Nc5 16. Qc2 Bg7 17. Nb6 Bf5 0-1

[Event "Montmagny op"]
[Site "Montmagny CAN"]
[Date "2010.11.06"]
[Round "2"]
[White "Hebert, Jean"]
[Black "Kraiouchkine, Nikita"]
[Result "1/2-1/2"]
[WhiteElo "2409"]
[BlackElo "2193"]
[PlyCount "116"]
[GameId "2160767909850839"]
[EventDate "2010.11.05"]
[EventType "swiss"]
[EventRounds "5"]
[EventCountry "CAN"]
[SourceTitle "EXT 2022"]
[Source "ChessBase"]
[SourceDate "2021.10.06"]
[SourceVersion "1"]
[SourceVersionDate "2021.10.06"]
[SourceQuality "1"]

1. d4 d5 2. c4 c6 3. Nc3 Nf6 4. e3 g6 5. Nf3 Bg7 6. Bd3 O-O 7. O-O Bg4 8. h3 Bxf3 9. Qxf3 e6 10. Rd1 Re8 11. Bd2 Nbd7 12. Bf1 dxc4 13. Bxc4 e5 14. Bb3 exd4 15. exd4 Nb6 16. Bg5 h6 17. Bh4 g5 18. Bg3 Nfd5 19. Ne4 Re6 20. Nc5 Re7 21. h4 Qc8 22. hxg5 hxg5 23. Bc2 Nc4 24. Rab1 Qd8 25. Ne4 Nf4 26. Bxf4 gxf4 27. d5 Ne5 28. Qxf4 Ng6 29. Qf3 cxd5 30. Rxd5 Qc7 31. Rc5 Qf4 32. Ng5 Qxf3 33. Nxf3 Ne5 34. Nxe5 Bxe5 35. Rd5 Rc8 36. Bf5 Rc4 37. g3 Rd4 38. Rxd4 Bxd4 39. Kf1 a5 40. b3 Bc5 41. Rd1 Kg7 42. Rd5 b6 43. a4 Kf6 44. Bd3 Re5 45. Rd7 Re7 46. Rd8 Re6 47. Rc8 Rd6 48. Be2 Rd2 49. Rc7 Rb2 50. Bc4 Rxf2+ 51. Ke1 Rg2 52. Rxf7+ Kg6 53. Rf3 Bd6 54. Rd3 Be5 55. Re3 Kf5 56. Bd3+ Ke6 57. Bc4+ Kf5 58. Bd3+ Ke6 1/2-1/2

[Event "Montmagny op"]
[Site "Montmagny CAN"]
[Date "2010.11.06"]
[Round "3"]
[White "Drolet, Stephane"]
[Black "Hebert, Jean"]
[Result "0-1"]
[WhiteElo "2134"]
[BlackElo "2409"]
[PlyCount "114"]
[GameId "2160767909850842"]
[EventDate "2010.11.05"]
[EventType "swiss"]
[EventRounds "5"]
[EventCountry "CAN"]
[SourceTitle "EXT 2022"]
[Source "ChessBase"]
[SourceDate "2021.10.06"]
[SourceVersion "1"]
[SourceVersionDate "2021.10.06"]
[SourceQuality "1"]

1. d4 Nf6 2. Nf3 g6 3. c4 Bg7 4. Nc3 c5 5. d5 d6 6. h3 O-O 7. e4 e6 8. Be2 exd5 9. exd5 Re8 10. O-O Na6 11. Bf4 Ne4 12. Nxe4 Rxe4 13. Bg5 Qb6 14. Rb1 Bd7 15. Bd3 Ree8 16. a3 Nc7 17. b4 Qa6 18. bxc5 dxc5 19. Bf4 Rac8 20. Ng5 b5 21. Bxc7 bxc4 22. Qf3 f6 23. Ne4 Rxc7 24. Bc2 f5 25. Ng5 Bf6 26. h4 Qd6 27. Rfe1 Rcc8 28. g3 Bd4 29. Nh3 Rxe1+ 30. Rxe1 Re8 31. Rxe8+ Bxe8 32. Nf4 Bf7 33. Ba4 Be5 34. Ne6 c3 35. Bb3 c4 36. Bc2 Qxa3 37. Qe2 Qd6 38. Qxc4 Bxe6 39. dxe6 Kg7 40. Bb3 Qe7 41. Qd5 Bf6 42. h5 Kh6 43. hxg6 hxg6 44. Qh1+ Kg7 45. Qd5 Qc7 46. Qd1 Kf8 47. Qc2 Ke7 48. g4 Bd4 49. gxf5 Qg3+ 50. Kf1 Qh3+ 51. Ke1 gxf5 52. Qa2 Qh1+ 53. Ke2 Qe4+ 54. Kf1 Bc5 55. Kg1 f4 56. Bd5 Qd4 57. Bf3 Qxf2+ 0-1

[Event "Montmagny op"]
[Site "Montmagny CAN"]
[Date "2010.11.07"]
[Round "4"]
[White "Caire, Francois"]
[Black "Hebert, Jean"]
[Result "0-1"]
[WhiteElo "2212"]
[BlackElo "2409"]
[PlyCount "76"]
[GameId "2160767909850847"]
[EventDate "2010.11.05"]
[EventType "swiss"]
[EventRounds "5"]
[EventCountry "CAN"]
[SourceTitle "EXT 2022"]
[Source "ChessBase"]
[SourceDate "2021.10.06"]
[SourceVersion "1"]
[SourceVersionDate "2021.10.06"]
[SourceQuality "1"]

1. d4 Nf6 2. c4 e6 3. Nf3 c5 4. d5 exd5 5. cxd5 g6 6. Nc3 d6 7. Nd2 Nbd7 8. e4 Bg7 9. Be2 O-O 10. O-O Re8 11. a4 Ne5 12. Qc2 g5 13. f3 a6 14. Nc4 Nxc4 15. Bxc4 Nh5 16. Ne2 Be5 17. f4 gxf4 18. Nxf4 Nf6 19. Ne2 Nxe4 20. Bd3 f5 21. Bf4 b6 22. Ra3 Ra7 23. Bxe5 Rxe5 24. Nf4 Rg7 25. Bc4 Kh8 26. Rh3 Nf6 27. Qd3 Qg8 28. b3 Re4 29. Qc2 Rd4 30. Kh1 b5 31. axb5 axb5 32. Bxb5 Nxd5 33. Bc4 Nxf4 34. Bxg8 Nxh3 35. Bd5 Rxd5 36. Qe2 Re5 37. Qd3 Bb7 38. Qxh3 Re2 0-1

[Event "Montmagny op"]
[Site "Montmagny CAN"]
[Date "2010.11.07"]
[Round "5"]
[White "Hebert, Jean"]
[Black "Schommer, Philippe"]
[Result "1-0"]
[WhiteElo "2409"]
[BlackElo "1843"]
[PlyCount "50"]
[GameId "2160767909850855"]
[EventDate "2010.11.05"]
[EventType "swiss"]
[EventRounds "5"]
[EventCountry "CAN"]
[SourceTitle "EXT 2022"]
[Source "ChessBase"]
[SourceDate "2021.10.06"]
[SourceVersion "1"]
[SourceVersionDate "2021.10.06"]
[SourceQuality "1"]

1. d4 d6 2. e4 Nf6 3. f3 Nbd7 4. c4 e5 5. Ne2 h5 6. Nbc3 c6 7. Be3 Be7 8. Qd2 a5 9. O-O-O a4 10. Kb1 Qc7 11. d5 c5 12. Qc2 Qa5 13. Nb5 Nf8 14. Nec3 Kd8 15. Bxc5 dxc5 16. d6 Ne6 17. dxe7+ Kxe7 18. Nd5+ Kf8 19. Qc3 Qxc3 20. bxc3 Nd7 21. g3 h4 22. Bh3 Nf6 23. Nb6 Rb8 24. Na7 hxg3 25. hxg3 Ke8 1-0

[Event "Montreal op"]
[Site "Montreal CAN"]
[Date "2010.09.10"]
[Round "1.4"]
[White "Hebert, Jean"]
[Black "Wolfowitz, Eduard"]
[Result "1-0"]
[WhiteElo "2429"]
[BlackElo "2099"]
[PlyCount "71"]
[GameId "2160767909880470"]
[EventDate "2010.09.10"]
[EventType "swiss"]
[EventRounds "5"]
[EventCountry "CAN"]

1. Nf3 Nf6 2. c4 c5 3. Nc3 Nc6 4. d4 cxd4 5. Nxd4 g6 6. e4 d6 7. Be2 Bg7 8. Be3 O-O 9. O-O a6 10. f3 Bd7 11. Nb3 Na5 12. Qe1 Nxb3 13. axb3 Be6 14. f4 b5 15. f5 Bd7 16. Qh4 Bc6 17. Bg5 Qb6+ 18. Kh1 Qd4 19. Rad1 Qe5 20. Be3 b4 21. Bd4 Qa5 22. Nd5 Bxd5 23. exd5 Qd8 24. Rd3 e5 25. dxe6 fxe6 26. fxe6 Qe7 27. Bf3 d5 28. cxd5 Nxd5 29. Qxe7 Nxe7 30. Bc5 Rae8 31. Rd7 Bf6 32. Bxb4 Bg5 33. Ra1 Rf5 34. Rxa6 Rc8 35. Ra1 Nc6 36. Bxc6 1-0